[Event "Champions Showdown Kings Rapid 2019-E"]
[Site "Saint Louis"]
[Date "2019.02.21"]
[Round "7.5"]
[White "Rapport, Richard"]
[Black "Shankland, Samuel"]
[Result "1/2-1/2"]
[WhiteElo "2735"]
[BlackElo "2731"]
[Annotator "TA"]
[PlyCount "178"]
[EventDate "2019.02.09"]
[EventType "match (rapid)"]
[EventCountry "USA"]
[SourceTitle "playchess.com"]
[Source "ChessBase"]
[SourceQuality "1"]

{[%evp 17,178,31,39,30,43,51,43,29,30,31,34,31,25,0,0,-9,-9,0,0,-8,3,-52,-54,-54,-50,-69,-66,-110,-57,-130,-14,-10,0,0,34,33,11,-26,3,-18,-24,-24,6,-91,-77,-106,-58,-56,0,-138,-138,-127,-125,-131,-71,-121,-122,-115,-115,-147,-144,-120,-75,-78,-35,-47,-41,-36,-29,-29,0,0,0,0,0,0,0,0,0,0,0,0,0,0,0,0,2,0,0,0,0,0,0,0,0,0,0,0,0,0,0,0,0,0,0,0,0,0,0,0,0,0,0,0,0,0,0,0,0,0,0,0,0,0,0,0,0,0,0,0,0,0,0,0,0,0,0,0,0,0,0,0,8,0,8,8,8,0,8,0,0,0,0,8,8,8,8,8,8,0,0,0,0]} 1. d4 Nf6 2. Nf3 e6 3. Bf4 d5 4. e3 c5 5. Be2 Bd6 6. dxc5 Bxc5 7. O-O O-O 8. c4 Nc6 9. Nc3 a6 10. Rc1 {D37: Queen's Gambit Declined: 5 Bf4} (10. cxd5 exd5 11. Bg5 Be6 12. Qa4 h6 13. Bh4 Be7 14. Rfd1 Rc8 15. Rac1 Qb6 16. Rd2 Rfe8 17. Rcd1 Ne4 18. Nxe4 dxe4 19. Qxe4 Bxa2 20. Bxe7 Rxe7 {½-½ (76) Guichard,P (2378)-Zhao,X (2485) St Petersburg 2018}) 10... d4 11. exd4 Nxd4 12. Be5 $146 {White is slightly better.} ({Predecessor:} 12. a3 Nxe2+ 13. Qxe2 Qe8 14. Rfd1 Bd7 15. Ne5 Bc6 16. b4 Be7 17. Rd3 Rd8 {1-0 (65) Baron,M-Marquardt,G (2227) ICCF email 2016}) 12... Nc6 13. Qxd8 Rxd8 14. Bc7 Rd7 15. Bg3 Nh5 16. Na4 Nxg3 17. hxg3 Ba7 18. c5 Kf8 19. Rc4 (19. a3 $11) 19... Rd8 20. Rh4 h6 21. Rc1 e5 22. Bc4 Bf5 (22... f6 $17) 23. Re1 (23. a3 $15) 23... e4 (23... f6 $1 $17 24. Bb3 Rac8) 24. Rf4 $11 g6 25. Nh4 $1 {[%cal Rh4f5]} Bb8 26. Rxf5 gxf5 27. Nxf5 (27. Nb6 $5 {[%cal Rb6a8]} Ne5 28. b3 $14 (28. Nxa8 Nxc4 29. b3 Ba7 $14)) 27... Be5 28. Rxe4 Rd1+ 29. Kh2 Re8 30. Rg4 (30. f4 $11 Bd4 31. Rxe8+ Kxe8 32. Nxh6) 30... h5 {[%mdl 1024] Black has strong compensation.} 31. Re4 Nd4 32. Ne3 {And now Rxe5 would win.} Re1 (32... Rd2 $15 33. f4 Bf6 34. Rxe8+ Kxe8) 33. Nc3 {[#]} (33. Bd5 $1 $11 Bg7 34. Rxe8+ (34. Bxb7 Rxe4 35. Bxe4 Ne6 $11) 34... Kxe8 35. Bxb7) 33... Nc6 $1 $17 34. Rh4 Bxc3 $1 35. bxc3 {[#]} Re5 ({Better is} 35... Ne5 $1 36. c6 Nxc4 37. Rxc4 bxc6) 36. Rf4 Nd8 37. c6 bxc6 38. Bxa6 Ne6 {aiming for ...Ra5.} 39. Rh4 Rc1 40. Be2 Rxc3 41. Bxh5 Ra5 42. a4 Rd3 43. Bf3 Rd4 44. Bxc6 {The position is equal.} Rxh4+ 45. gxh4 $11 {[%mdl 4096] Endgame KRN-KBN} Nd4 46. Bd7 Ra7 47. Bb5 Nxb5 48. axb5 {KR-KN} Rb7 49. g4 Rxb5 50. Kg3 f6 51. Nf5 Rb4 52. f3 Kf7 53. h5 Ra4 54. Nd6+ Kg7 55. Ne4 Rb4 56. Kf4 Rb5 57. Nd6 Ra5 58. Kg3 Ra4 59. f4 Ra3+ 60. Kg2 Rb3 61. Nf5+ Kh7 62. Kf2 Ra3 63. Ne3 Ra4 64. Kf3 Kg7 65. Nf5+ Kh7 66. Nd6 Kg7 67. Ke3 Rb4 68. Nf5+ Kh7 69. Nd4 Kh6 70. Nf5+ Kh7 71. Nd6 Kg7 72. Ne8+ Kf7 73. Nc7 Kg7 74. Nd5 Ra4 75. Kf3 Rd4 76. Ne3 {Intending Nf5+ and mate.} Ra4 77. Nf5+ Kh7 78. g5 fxg5 79. fxg5 Ra6 80. Ke4 Rb6 81. Ke5 Ra6 82. Nd6 Rb6 83. Ke6 Ra6 84. Ke7 Ra7+ 85. Kf8 Ra5 86. g6+ Kh6 87. g7 Ra8+ 88. Ne8 Rxe8+ $1 {[%mdl 64] Remove Defender} 89. Kxe8 Kxg7 {Accuracy: White = 46%, Black = 59%.} 1/2-1/2

[Event "Champions Showdown Kings Rapid 2019-E"]
[Site "Saint Louis"]
[Date "2019.02.21"]
[Round "8.5"]
[White "Shankland, Samuel"]
[Black "Rapport, Richard"]
[Result "0-1"]
[WhiteElo "2731"]
[BlackElo "2735"]
[Annotator "TA"]
[PlyCount "58"]
[EventDate "2019.02.09"]
[EventType "match (rapid)"]
[EventCountry "USA"]
[SourceTitle "playchess.com"]
[Source "ChessBase"]
[SourceQuality "1"]

{[%evp 9,58,24,30,23,32,28,23,24,40,36,37,33,56,22,47,40,35,30,26,15,31,18,18,8,38,39,40,39,34,3,19,8,18,0,0,0,0,-7,0,0,0,-6,0,0,0,-23,0,-77,-64,-871,-847]} 1. e4 Nf6 2. e5 Nd5 3. d4 d6 4. exd6 exd6 5. c4 Nf6 6. Nf3 {B03: Alekhine's Defence: Four Pawns Attack} Be7 7. Nc3 O-O 8. d5 {White has an edge.} (8. Bd3 d5 9. cxd5 Nxd5 10. O-O Nc6 11. h3 Be6 12. a3 Re8 13. Qc2 h6 14. Ne4 Nf6 15. Be3 Bd5 16. Rad1 a5 17. Ne5 a4 18. Nxc6 Bxc6 19. Nxf6+ Bxf6 20. Bc4 {½-½ (54) Dai,C (2430)-Bai,J (2594) Tianjin 2018}) 8... Bg4 9. Be2 Nfd7 $146 ({Predecessor:} 9... Nbd7 10. O-O a5 11. Be3 Nc5 12. h3 Bxf3 13. Bxf3 Nfd7 14. Qd2 Bf6 15. Rae1 Re8 {1-0 (56) Zaksaite,S (2192)-Kaunas,K (2189) Palanga 2014}) 10. O-O Na6 11. a3 Re8 12. Be3 Bf6 13. Rc1 Nac5 14. b4 Ne4 15. Nxe4 Rxe4 16. h3 Bxf3 17. Bxf3 Re8 18. Qd2 a5 19. Be2 axb4 20. axb4 b6 21. Rfe1 Ra3 22. Bf1 h6 23. g3 Ne5 {[#] White must now prevent ...Nf3+.} 24. Kg2 Qd7 25. f4 Ng6 26. Bd3 Rea8 27. Rc2 Rb3 {Black wants to play ...Raa3.} 28. Bxg6 (28. Bf2 $11) 28... fxg6 $17 29. Ra2 $2 {[%mdl 8192] [#]} (29. Bf2 $15) 29... Rxa2 {Accuracy: White = 46%, Black = 62%.} 0-1

[Event "Champions Showdown Kings Rapid 2019-E"]
[Site "Saint Louis"]
[Date "2019.02.22"]
[Round "9.5"]
[White "Rapport, Richard"]
[Black "Shankland, Samuel"]
[Result "0-1"]
[WhiteElo "2735"]
[BlackElo "2731"]
[Annotator "TA"]
[PlyCount "98"]
[EventDate "2019.02.09"]
[EventType "match (rapid)"]
[EventCountry "USA"]
[SourceTitle "playchess.com"]
[Source "ChessBase"]
[SourceQuality "1"]

{[%evp 9,98,-13,-17,-14,0,-9,17,9,17,14,43,18,29,32,83,83,65,62,95,70,63,79,69,75,76,31,39,0,0,0,0,0,0,0,8,10,16,16,29,0,5,0,24,6,83,89,85,68,68,84,63,0,0,0,-20,-45,-45,-45,-16,-23,0,-45,-20,-264,-37,-75,-75,-75,-75,-75,-75,-188,-188,-188,-188,-1017,-1050,-971,-797,-604,-530,-520,-314,-4725,-4681,-4725,-3979,-29972,-29973,-29973,-29974]} 1. d4 Nf6 2. Nf3 d5 3. c3 c5 4. dxc5 e6 5. Be3 (5. b4 a5 6. Qb3 axb4 7. cxb4 b6 8. cxb6 Qxb6 9. b5 Nbd7 10. e3 Nc5 11. Qd1 Na4 12. Be2 Bd7 13. O-O {0-1 (51) So,W (2812)-Vachier Lagrave,M (2796) Paris 2017}) 5... Be7 6. g3 {D02: 1 d4 d5 2 Nf3 sidelines, including 2...Nf6 3 g3 and 2...Nf6 3 Bf4} O-O 7. Bg2 a5 8. O-O {The position is equal.} Na6 9. c4 dxc4 10. Na3 $146 ({Predecessor:} 10. Nbd2 c3 11. bxc3 Nxc5 12. Rb1 a4 {1-0 (32) Dehaybe,A (1844)-Migliorini,R (1856) LSS email 2010}) 10... Nd5 11. Bd4 $36 {[%mdl 2048] Black is under pressure.} f6 ({Black should try} 11... Bxc5 $14 12. Nxc4 b5) 12. e4 $16 Ndb4 13. e5 Nd3 14. exf6 Bxf6 15. Bxf6 Qxf6 16. Nxc4 Naxc5 17. Qe2 Bd7 18. Nb6 Rad8 {And now ...Bc6 would win.} 19. Nxd7 Rxd7 20. Rad1 Rfd8 21. b3 a4 22. bxa4 Nxa4 23. Rd2 b5 24. h4 h6 (24... Nc3 $5 25. Qe3 $8 h6 $11) 25. Qe3 e5 26. h5 Qf5 (26... Nab2 $11 {keeps the balance.} 27. Qe2 Nc4) 27. Nh4 Qf6 28. Bh3 Rd4 29. Nf5 R4d5 30. Rc2 (30. Qa7 $14 R5d7 31. Qa5) 30... Nac5 $11 31. Rb1 b4 32. Rxb4 Nxb4 33. Rxc5 {Black must now prevent Qb3.} Rxc5 ({But not} 33... Nxa2 $2 34. Rxd5 Rxd5 35. Qb3 $18) 34. Qxc5 Nd3 (34... Nxa2 $2 35. Qc4+ Kh7 36. Qxa2 $18) 35. Qc7 Kh8 36. Qe7 $2 {[#]} (36. Bg2 $1 $11) 36... Ra8 $2 ({Black should play} 36... Nxf2 $1 $19 {[%mdl 512]} 37. Bf1 (37. Kxf2 $2 Qb6+ 38. Kf3 Qc6+ 39. Ke3 Qc3+ 40. Ke4 Qc4+ 41. Kf3 Qc6+ 42. Ke3 Qc3+ 43. Ke4 Qc4+ 44. Kf3 Qc6+ $19) 37... Ne4 38. Qxf6 Nxf6) 37. Qxf6 gxf6 $15 {[%mdl 4096] Endgame KRN-KBN} 38. Bf1 e4 39. Nd6 f5 40. f3 (40. Nxf5 $17 {might work better.} Rxa2 41. f4) 40... Rxa2 $19 41. fxe4 {[#]} Ne1 $1 {[%cal Re1f3] ( -> ...Nf3+)} 42. Bc4 $2 (42. Bh3) 42... Nf3+ 43. Kf1 Nd2+ {[%mdl 64] Double Attack} 44. Ke1 Nxc4 45. Nxc4 fxe4 46. Nd2 $2 (46. Nd6) 46... Ra3 47. Nf1 Kg7 48. Ke2 Kf6 49. Nd2 Kf5 {Accuracy: White = 47%, Black = 53%.} 0-1

[Event "Champions Showdown Kings Rapid 2019-E"]
[Site "Saint Louis"]
[Date "2019.02.19"]
[Round "10.5"]
[White "Shankland, Samuel"]
[Black "Rapport, Richard"]
[Result "0-1"]
[WhiteElo "2731"]
[BlackElo "2735"]
[Annotator "TA"]
[PlyCount "90"]
[EventDate "2019.02.09"]
[EventType "match (rapid)"]
[EventCountry "USA"]
[SourceTitle "playchess.com"]
[Source "ChessBase"]
[SourceQuality "1"]

{[%evp 16,90,43,33,40,10,21,20,26,20,43,43,56,43,39,39,48,13,18,-23,45,0,0,0,5,-16,-20,-16,-24,-15,-9,-12,0,-11,0,-14,0,-37,0,-19,-8,-45,32,0,0,-8,-9,-40,0,0,15,0,0,0,0,-53,-16,-238,-181,-465,-462,-445,-449,-813,-357,-1318,-1310,-1310,-1310,-1233,-1226,-29993,-29994,-29994,-29989,-29995,-29996]} 1. e4 e6 2. d4 d5 3. Nc3 {[%cal Bb1c3,Bc3e4,Be4d2,Bd2f3,Bf3e5][%mdl 32]} dxe4 4. Nxe4 Bd7 5. Nf3 Bc6 6. Bd3 Nd7 7. O-O Ngf6 8. Ned2 Be7 9. c4 O-O {C10: French with 3 Nc3: Unusual Black 3rd moves and 3...dxe4} 10. b3 a5 11. Bb2 a4 {The position is equal.} 12. Qc2 Bxf3 $146 ({Predecessor:} 12... h6 13. Rad1 axb3 14. axb3 Qb8 15. Ne5 Nxe5 16. dxe5 Nd7 17. Be4 {0-1 (60) Rozentalis,E (2619)-Hillarp Persson,T (2513) Malmo/Copenhagen 2004}) 13. Nxf3 c6 14. Bc3 axb3 15. axb3 Qc7 16. Ne5 g6 17. f4 b5 (17... c5 $11) 18. Qe2 bxc4 19. bxc4 Rxa1 20. Rxa1 c5 21. Kh1 cxd4 22. Bxd4 Bc5 23. Bc3 Rb8 24. Rd1 Bf8 25. Bc2 {Black must now prevent Nxd7.} Ra8 26. h3 Bg7 27. Kh2 Nc5 28. Bd4 Nh5 ({Black should play} 28... Nfd7 $15) 29. Qf3 Rc8 30. g3 Nf6 31. Qe3 Ncd7 32. Bd3 Ra8 33. Rd2 Bf8 34. Bf1 Ra3 35. Qe1 ({Better is} 35. Rd3 $11 Ra6 36. Qe2) 35... Qa5 36. Qe2 $2 {[#]} (36. Nxd7 $11 Nxd7 37. Qd1) 36... Ne4 $1 $36 {[%mdl 2624] Deflection. Black is in control.} 37. Qxe4 $2 (37. Rb2 Nxg3 38. Qf2 Nxf1+ 39. Qxf1 Nxe5 40. Bxe5) 37... Qxd2+ 38. Bg2 Bg7 39. Nxd7 (39. h4 $142) 39... Qxd4 (39... Bxd4 $142 40. Qb1 h5 41. Qb8+ Kh7) 40. Qb7 $2 (40. Qxd4 Bxd4 41. Bc6) 40... h5 41. Qb8+ Kh7 42. Nf8+ Kh6 {( -> ...Qc3)} 43. g4 hxg4 {Black mates.} 44. hxg4 g5 45. Qb5 Qxf4+ {[%mdl 64] Double Attack. Accuracy: White = 15%, Black = 47%.} 0-1

[Event "Champions Showdown Kings Rapid 2019-E"]
[Site "Saint Louis"]
[Date "2019.02.19"]
[Round "11.5"]
[White "Rapport, Richard"]
[Black "Shankland, Samuel"]
[Result "1-0"]
[WhiteElo "2735"]
[BlackElo "2731"]
[Annotator "TA"]
[PlyCount "99"]
[EventDate "2019.02.09"]
[EventType "match (rapid)"]
[EventCountry "USA"]
[SourceTitle "playchess.com"]
[Source "ChessBase"]
[SourceQuality "1"]

{[%evp 13,99,-1,0,-12,-3,-24,-7,-13,0,-24,-24,-33,-25,-38,-33,-75,0,0,0,0,0,0,38,-75,-65,-78,-82,-83,-17,-15,-10,-17,0,0,0,0,0,0,0,7,8,0,0,5,248,252,250,141,217,217,217,217,210,206,205,184,177,165,220,198,200,192,182,145,145,145,145,14,14,8,8,8,8,8,29961,29962,29960,29961,29977,29979,29984,29985,29986,29987,29990,29991,29991,29992]} 1. d4 Nf6 2. Nf3 b6 3. Bg5 e6 4. e3 Bb7 5. c3 Be7 6. Nbd2 c5 7. Bd3 O-O 8. Qb1 {A47: 1 d4 Nf6 2 Nf3 b6: Torre, London and Colle Systems} (8. Bxf6 Bxf6 9. h4 Nc6 10. Ng5 g6 11. f4 Ne7 12. Qg4 h5 13. Qh3 cxd4 14. exd4 b5 15. a3 Qb6 {0-1 (34) Ivanchuk,V (2757)-Aronian,L (2809) London 2013}) 8... h6 9. h4 cxd4 10. exd4 $146 {The position is equal.} ({Predecessor:} 10. cxd4 Nd5 11. Bxe7 Qxe7 12. O-O d6 13. Re1 Nd7 14. a3 f5 15. e4 fxe4 16. Nxe4 {0-1 (27) Bryce,A (2255)-Emms,J (2400) Eastbourne 1990}) 10... Nd5 11. Nc4 d6 ({Don't go for} 11... hxg5 $2 12. Bh7+ Kh8 13. hxg5 $18) 12. a4 f5 ({Avoid the trap} 12... hxg5 $2 13. Bh7+ Kh8 14. hxg5 $18) 13. Bd2 Nd7 {[%cal Bb8d7,Bd7f6,Bf6e4][%mdl 32]} 14. h5 Rc8 ({Black should play} 14... Qe8 $17) 15. Qd1 $11 N7f6 16. Nh4 Ne4 17. Ng6 Nxd2 18. Qxd2 (18. Nxd2 $14 {was the only good move.} Rf6 19. Nf3) 18... Bg5 $17 19. f4 {[#]} Nxf4 $1 {[%mdl 512]} 20. Nxf4 e5 ({Black should try} 20... Bd5 $1 $17) 21. dxe5 $11 dxe5 22. Nxe5 {0-0 is the strong threat.} Qe7 23. O-O {Threatens to win with Neg6.} Qxe5 24. Rae1 Qc5+ 25. Qe3 Qxe3+ 26. Rxe3 Bc6 27. Re5 Bxa4 28. Ng6 Rf7 $2 (28... Rfe8 $11) 29. Ra1 $18 Bb3 {[#]} 30. Ra3 (30. Rae1 $1 $18) 30... Bf6 (30... Bd1 $16 {was called for.}) 31. Rxb3 Bxe5 32. Nxe5 Rf6 33. Rb5 Rd8 34. Bc4+ Kh7 35. Ng6 Rd2 (35... Rc6 $142) 36. Re5 Rxg6 37. hxg6+ Kxg6 38. Re2 Rxe2 39. Bxe2 $16 {[%mdl 4096] Endgame KB-KP} Kf6 40. b4 (40. Kf2 $16) 40... a5 $1 $11 41. bxa5 bxa5 42. Bd1 g5 43. Kf2 {And now Ke3 would win.} g4 $2 {[%mdl 8192]} (43... f4 $11) 44. Ke3 {White mates.} Kg5 45. g3 h5 46. c4 h4 47. gxh4+ Kxh4 48. c5 Kg3 49. c6 f4+ 50. Ke4 {Accuracy: White = 51%, Black = 44%.} 1-0

[Event "Champions Showdown Kings Rapid 2019-E"]
[Site "Saint Louis"]
[Date "2019.02.19"]
[Round "12.5"]
[White "Shankland, Samuel"]
[Black "Rapport, Richard"]
[Result "0-1"]
[WhiteElo "2731"]
[BlackElo "2735"]
[Annotator "TA"]
[PlyCount "88"]
[EventDate "2019.02.09"]
[EventType "match (rapid)"]
[EventCountry "USA"]
[SourceTitle "playchess.com"]
[Source "ChessBase"]
[SourceQuality "1"]

{[%evp 13,88,22,32,-1,0,-1,-13,0,4,-36,0,-21,-16,-134,-140,-166,-156,-148,9,0,7,0,11,11,11,11,11,11,12,9,0,0,0,0,0,-59,-56,-53,-50,-54,-58,-69,-69,-69,-69,-69,-52,-69,-69,-67,-69,-109,-75,-75,-75,-75,-75,-75,-75,-75,-75,-75,-75,-76,-67,-215,-243,-215,-215,-245,-232,-702,-702,-29977,-29977,-29982,-29983]} 1. d4 e6 2. Nf3 Nf6 3. c4 b6 4. g3 Bb7 5. Bg2 Bb4+ 6. Bd2 a5 7. O-O O-O 8. b3 {E16: Queen's Indian: 4 g3 Bb7 5 Bg2 Bb4+} c5 $146 ({Predecessor:} 8... h6 9. a3 Bxd2 10. Nbxd2 c5 11. Qc2 Nc6 12. Qb2 Qe7 13. Rfd1 d5 14. cxd5 exd5 15. e3 Rfd8 {0-1 (55) Koneru,H (2581)-Hou,Y (2673) Beijing 2014}) 9. Bf4 {Threatens to win with a3.} cxd4 10. Qxd4 {The position is equal.} d5 11. Ne5 Ne4 {Hoping for ...f6.} 12. cxd5 exd5 13. Nd3 (13. Bxe4 $11 {keeps the balance.} dxe4 14. Qxd8 Rxd8 15. Rc1) 13... Be7 14. Qe3 Nd7 {And now ...g5 would win.} 15. Nd2 {[%cal Rd2e4]} Bf6 $2 (15... g5 $17 16. Bxe4 dxe4 17. Nxe4 gxf4 18. Nxf4 Re8) 16. Nxe4 $11 dxe4 17. Rac1 Re8 18. Bc7 exd3 19. Bxd8 Rxe3 20. Bxb7 Rxd8 21. fxe3 Nc5 {...d2 is the strong threat.} 22. Rxc5 bxc5 23. exd3 Rxd3 {[%mdl 4096] Endgame KRB-KRB} 24. e4 (24. Rf3 $11) 24... Bd4+ 25. Kh1 Kf8 26. Bd5 f6 27. a4 Rd2 28. Bc4 h5 29. Re1 g5 30. h3 Rc2 31. Rf1 Ke7 32. h4 gxh4 33. gxh4 {[#]} Be5 $1 34. Rf5 Rh2+ {[%mdl 64] Double Attack} 35. Kg1 {Black must now prevent Rxe5+!} Rxh4 36. Be2 Rxe4 37. Bxh5 Ke6 38. Rf1 f5 39. Be8 (39. Kg2 $15) 39... Bd4+ 40. Kg2 Re2+ 41. Kg3 {[#]} Be5+ $1 42. Kh4 $2 (42. Kf3 Rb2 43. Bb5) 42... Kf6 $19 {[%cal Re2h2]} 43. Rf3 Bd4 44. Kh3 Rxe8 {Accuracy: White = 38%, Black = 76%.} 0-1